[Event "Belgrade Spring op"]
[Site "Belgrade"]
[Date "2007.03.26"]
[Round "1"]
[White "Vukovic, Ljubomir"]
[Black "Cetkovic, Bozidar"]
[Result "0-1"]
[WhiteElo "1927"]
[BlackElo "2256"]
[PlyCount "80"]
[EventDate "2007.03.26"]
[EventType "swiss"]
[EventRounds "9"]
[EventCountry "YUG"]
[SourceTitle "CBM 117 Extra"]
[Source "ChessBase"]
[SourceDate "2007.05.09"]
[SourceVersion "1"]
[SourceVersionDate "2007.05.09"]
[SourceQuality "1"]

1. b4 Nf6 2. Bb2 g6 3. c4 Bg7 4. d4 a5 5. b5 0-0 6. e3 d6 7. Nf3 c6 8. a4 Nbd7 9. Nbd2 Re8 10. Be2 e5 11. dxe5 dxe5 12. e4 Nh5 13. g3 Nc5 14. 0-0 Nd3 15. Ba3 Bh3 16. Qb3 Bxf1 17. Bxf1 Nb4 18. Rd1 Qe7 19. Be2 Red8 20. Rc1 Bh6 21. Rc2 c5 22. Rb2 Ng7 23. Nf1 Ne6 24. Ne3 Nd4 25. Nxd4 exd4 26. Nd5 Nxd5 27. exd5 b6 28. Bf3 Qf6 29. Kg2 Re8 30. Qd3 Ra7 31. Re2 Rae7 32. Rxe7 Qxe7 33. h4 Qe1 34. d6 Rd8 35. Bd5 Rxd6 36. Qf3 Qe7 37. h5 Rf6 38. Qd3 Qe1 39. Qf1 Qe5 40. hxg6 hxg6 0-1

[Event "Belgrade Winter op"]
[Site "Belgrade"]
[Date "2007.01.30"]
[Round "7"]
[White "Dimitrijevic, Radmilo"]
[Black "Cetkovic, Bozidar"]
[Result "1-0"]
[WhiteElo "2032"]
[BlackElo "2256"]
[PlyCount "55"]
[EventDate "2007.01.24"]
[EventType "swiss"]
[EventRounds "9"]
[EventCountry "YUG"]
[SourceTitle "EXT 2010"]
[Source "ChessBase"]
[SourceDate "2010.11.25"]
[SourceVersion "1"]
[SourceVersionDate "2010.11.25"]
[SourceQuality "1"]

1. e4 d6 2. d4 Nf6 3. Nc3 g6 4. g3 Bg7 5. Bg2 0-0 6. Nge2 e5 7. 0-0 c6 8. h3 d5 9. exd5 exd4 10. Nxd4 Nxd5 11. Nxd5 cxd5 12. c3 Nc6 13. Ne2 Re8 14. Be3 Be6 15. Nf4 Ne7 16. g4 Qd7 17. Qd2 Red8 18. Rfd1 Qa4 19. Qe2 Rac8 20. Bd4 Qc6 21. Bxg7 Kxg7 22. Qe5+ Kg8 23. Qg5 Qd6 24. Re1 Nc6 25. Rad1 Rd7 26. Bxd5 Bxd5 27. Nxd5 Kg7 28. Ne3 1-0

[Event "Belgrade Winter op"]
[Site "Belgrade"]
[Date "2007.01.27"]
[Round "4"]
[White "Vrbljanac, Aleksandar"]
[Black "Cetkovic, Bozidar"]
[Result "1-0"]
[WhiteElo "2223"]
[BlackElo "2256"]
[PlyCount "59"]
[EventDate "2007.01.24"]
[EventType "swiss"]
[EventRounds "9"]
[EventCountry "YUG"]
[SourceTitle "EXT 2010"]
[Source "ChessBase"]
[SourceDate "2010.11.25"]
[SourceVersion "1"]
[SourceVersionDate "2010.11.25"]
[SourceQuality "1"]

1. d4 Nf6 2. c4 g6 3. Nc3 Bg7 4. e4 d6 5. Nge2 0-0 6. g3 e5 7. Bg2 Nc6 8. d5 Ne7 9. 0-0 Nh5 10. Be3 f5 11. Qd2 Nf6 12. f3 fxe4 13. Nxe4 Nxe4 14. fxe4 Bg4 15. Rxf8+ Bxf8 16. h3 Bd7 17. Rf1 Bg7 18. Kh2 Kh8 19. Ng1 Ng8 20. c5 Qe7 21. Qa5 dxc5 22. Qxc7 b6 23. Nf3 Bb5 24. Qxe7 Nxe7 25. Ra1 h6 26. Bf1 Bxf1 27. Rxf1 Nc8 28. Nh4 Kh7 29. Bd2 Nd6 30. Re1 1-0

[Event "Belgrade Winter op"]
[Site "Belgrade"]
[Date "2007.01.26"]
[Round "3"]
[White "Cetkovic, Bozidar"]
[Black "Radovic, Goran"]
[Result "1-0"]
[WhiteElo "2256"]
[BlackElo "2108"]
[PlyCount "81"]
[EventDate "2007.01.24"]
[EventType "swiss"]
[EventRounds "9"]
[EventCountry "YUG"]
[SourceTitle "EXT 2010"]
[Source "ChessBase"]
[SourceDate "2010.11.25"]
[SourceVersion "1"]
[SourceVersionDate "2010.11.25"]
[SourceQuality "1"]

1. e4 e6 2. d4 d5 3. Nc3 Bb4 4. e5 b6 5. Qg4 Bf8 6. Bg5 Qd7 7. Nf3 c6 8. h4 h5 9. Qf4 Ba6 10. 0-0-0 Qb7 11. Qd2 Bxf1 12. Rhxf1 b5 13. Qd3 Nd7 14. Kd2 a6 15. Ne2 Nb6 16. b3 f6 17. Be3 Ne7 18. Nf4 Qd7 19. Ke2 a5 20. Bd2 a4 21. Bb4 Nf5 22. Bxf8 Rxf8 23. Nxh5 0-0-0 24. Nf4 Kb7 25. g3 Rc8 26. Qc3 Qe8 27. Nd3 fxe5 28. Nc5+ Kc7 29. Nxe5 Nd6 30. f3 a3 31. Rd2 Nf5 32. Rg1 Nh6 33. Qe3 Kb8 34. g4 Nf7 35. Ng6 Rg8 36. h5 Nd8 37. Qf4+ Ka7 38. Qd6 Rb8 39. Nd3 Ra8 40. Qc7+ Nb7 41. Ne7 1-0

[Event "Belgrade Winter op"]
[Site "Belgrade"]
[Date "2007.01.25"]
[Round "2"]
[White "Nestorovic, Lazar"]
[Black "Cetkovic, Bozidar"]
[Result "0-1"]
[WhiteElo "2072"]
[BlackElo "2256"]
[PlyCount "130"]
[EventDate "2007.01.24"]
[EventType "swiss"]
[EventRounds "9"]
[EventCountry "YUG"]
[SourceTitle "EXT 2010"]
[Source "ChessBase"]
[SourceDate "2010.11.25"]
[SourceVersion "1"]
[SourceVersionDate "2010.11.25"]
[SourceQuality "1"]

1. e4 d6 2. d4 Nf6 3. Nc3 g6 4. Nf3 Bg7 5. Be3 c6 6. a4 Nbd7 7. Qd2 e5 8. Be2 0-0 9. 0-0 Qe7 10. d5 cxd5 11. Nxd5 Nxd5 12. Qxd5 Nf6 13. Qc4 Be6 14. Qd3 Rfc8 15. Bg5 Qc7 16. Bxf6 Bxf6 17. Rfc1 Qb6 18. c4 a5 19. b3 Be7 20. Qe3 Qxe3 21. fxe3 Bd8 22. Rd1 Rc6 23. Bd3 Bb6 24. Kf2 Bc5 25. Ke2 Rb6 26. Bc2 Rb4 27. Rab1 h6 28. h3 Kg7 29. Bd3 Rf8 30. Rf1 Bd7 31. Bc2 Be6 32. Ne1 Rb6 33. Nd3 Rc6 34. Nxc5 Rxc5 35. Rbd1 Rc6 36. Rd2 Ra8 37. Rfd1 Raa6 38. Bb1 Kf6 39. Bc2 Ke7 40. Rf1 Kd7 41. Kd3 Ra8 42. Ke2 Kc7 43. Rf6 Kb6 44. Kd3 Rac8 45. Kc3 Kc7 46. Kd3 Kd7 47. Rdf2 Ke7 48. Bb1 Bf5 49. R6xf5 gxf5 50. Rxf5 Rg8 51. g4 Rg5 52. Rxg5 hxg5 53. Kc3 Rb6 54. Bd3 Kd7 55. Bc2 Kc6 56. Bd1 Kc5 57. Be2 Rc6 58. Bf1 Rc8 59. Be2 Rh8 60. Bf1 Rh6 61. Be2 Rxh3 62. Kd3 Kb4 63. Bd1 Rh1 64. Kd2 Rg1 65. Kc2 Rxd1 0-1

[Event "Belgrade Trophy 19th"]
[Site "Belgrade"]
[Date "2006.11.27"]
[Round "6"]
[White "Cetkovic, Bozidar"]
[Black "Stamenkovic, Dragan"]
[Result "0-1"]
[WhiteElo "2215"]
[BlackElo "2404"]
[PlyCount "101"]
[EventDate "2006.11.22"]
[EventType "swiss"]
[EventRounds "9"]
[EventCountry "YUG"]
[SourceTitle "CBM 115 Extra"]
[Source "ChessBase"]
[SourceDate "2007.01.10"]
[SourceVersion "1"]
[SourceVersionDate "2007.01.10"]
[SourceQuality "1"]

1. e4 c5 2. Nf3 Nc6 3. d4 cxd4 4. Nxd4 g6 5. Be2 Bg7 6. Nb3 Nf6 7. Nc3 0-0 8. 0-0 d6 9. Be3 Be6 10. Nd4 Nxd4 11. Bxd4 Qa5 12. a3 Rfc8 13. Re1 Bc4 14. Bf3 e5 15. Be3 Rc6 16. Qd2 Be6 17. h3 a6 18. Bh6 Bxh6 19. Qxh6 b5 20. Qh4 Kg7 21. Bg4 b4 22. Bxe6 fxe6 23. axb4 Qxb4 24. Ra3 Ra7 25. Rb3 Qc4 26. f3 d5 27. Qf2 d4 28. Re2 Rac7 29. Nb1 Nd7 30. Na3 Qa4 31. f4 exf4 32. Qxf4 e5 33. Qg5 Rf6 34. Qg3 Qa5 35. Kh2 Qc5 36. Rf2 Rxf2 37. Qxf2 Nf6 38. Qf3 Qc6 39. Rb4 Qxe4 40. Rb6 Qxf3 41. gxf3 Nd5 42. Rxa6 Kf7 43. b3 Ne3 44. Kg3 Rc3 45. Kf2 Ke7 46. Ra7+ Kf6 47. Ra6+ Kg5 48. Kg3 Nf5+ 49. Kf2 Kf4 50. Rb6 Rxf3+ 51. Ke2 0-1

[Event "Belgrade Winter op"]
[Site "Belgrade"]
[Date "2006.01.21"]
[Round "1"]
[White "Nedeljkovic, Radmila"]
[Black "Cetkovic, Bozidar"]
[Result "1/2-1/2"]
[WhiteElo "1898"]
[BlackElo "2236"]
[PlyCount "48"]
[EventDate "2006.01.21"]
[EventType "swiss"]
[EventRounds "9"]
[EventCountry "YUG"]
[SourceTitle "CBM 110 Extra"]
[Source "ChessBase"]
[SourceDate "2006.03.10"]
[SourceVersion "2"]
[SourceVersionDate "2006.03.10"]
[SourceQuality "1"]

1. d4 Nf6 2. Bg5 g6 3. Bxf6 exf6 4. e3 f5 5. Qf3 Bg7 6. Nd2 0-0 7. Bd3 d6 8. Ne2 Nd7 9. h4 h5 10. Nf4 Nf6 11. Bc4 Kh7 12. 0-0-0 c6 13. Bd3 d5 14. Qg3 Ne4 15. Qf3 b5 16. Nf1 Rb8 17. Ng3 Qa5 18. Nfxh5 Qxa2 19. Bxe4 dxe4 20. Qf4 Qa1+ 21. Kd2 Qa5+ 22. Kc1 Qa1+ 23. Kd2 Qa5+ 24. Kc1 Qa1+ 1/2-1/2

[Event "Belgrade Ada op"]
[Site "Belgrade"]
[Date "2005.08.20"]
[Round "6"]
[White "Cetkovic, Bozidar"]
[Black "Becelic, Dejan"]
[Result "1-0"]
[WhiteElo "2281"]
[BlackElo "2061"]
[PlyCount "119"]
[EventDate "2005.08.15"]
[EventType "swiss"]
[EventRounds "9"]
[EventCountry "YUG"]
[SourceTitle "CBM 107 Extra"]
[Source "ChessBase"]
[SourceDate "2005.09.01"]
[SourceVersion "1"]
[SourceVersionDate "2005.09.01"]
[SourceQuality "1"]

1. e4 e5 2. Nf3 Nf6 3. d4 Nxe4 4. Bd3 d5 5. Nxe5 Nd7 6. Qe2 Nxe5 7. Bxe4 dxe4 8. Qxe4 Bd6 9. dxe5 0-0 10. 0-0 Re8 11. Bf4 Qh4 12. Nc3 Bxe5 13. Rfe1 Bf5 14. Qxf5 Qxf4 15. Qxf4 Bxf4 16. Nd5 Bd6 17. Kf1 Kf8 18. Rad1 Rxe1+ 19. Rxe1 c6 20. Ne3 Bc5 21. Ke2 Bxe3 22. fxe3 Rd8 23. Rf1 Ke7 24. Rf4 f6 25. a4 Rd5 26. Rb4 b6 27. Re4+ Kd7 28. b4 a5 29. c3 Rg5 30. g3 c5 31. bxa5 bxa5 32. Kd3 Rf5 33. Kc4 g5 34. Kb5 Rf2 35. h4 Rf3 36. hxg5 fxg5 37. g4 Rf8 38. Re5 Kd6 39. Rxg5 Re8 40. Rxc5 Rxe3 41. Rc6+ Ke7 42. Rc4 Re5+ 43. Rc5 Re4 44. Rg5 h6 45. Rg7+ Ke8 46. Kxa5 Rc4 47. Rg6 h5 48. gxh5 Rc5+ 49. Kb6 Rxh5 50. Kc6 Rh8 51. c4 Kd8 52. c5 Re8 53. Kb6 Rh8 54. Rd6+ Kc8 55. a5 Kb8 56. c6 Rc8 57. Rd8 Rxd8 58. c7+ Kc8 59. cxd8Q+ Kxd8 60. Kb7 1-0

[Event "Belgrade Ada op"]
[Site "Belgrade"]
[Date "2005.08.15"]
[Round "1"]
[White "Andrejevic, Miladin"]
[Black "Cetkovic, Bozidar"]
[Result "0-1"]
[WhiteElo "2015"]
[BlackElo "2281"]
[PlyCount "97"]
[EventDate "2005.08.15"]
[EventType "swiss"]
[EventRounds "9"]
[EventCountry "YUG"]
[SourceTitle "CBM 107 Extra"]
[Source "ChessBase"]
[SourceDate "2005.09.01"]
[SourceVersion "1"]
[SourceVersionDate "2005.09.01"]
[SourceQuality "1"]

1. e4 d6 2. Nf3 Nf6 3. Nc3 g6 4. d4 Bg7 5. Be3 c6 6. Qd2 Qa5 7. Bd3 e5 8. 0-0 Ng4 9. d5 Nxe3 10. Qxe3 0-0 11. a3 Qc7 12. h3 Nd7 13. Rad1 Nf6 14. Bc4 c5 15. g4 a6 16. a4 Rb8 17. Kg2 Bd7 18. Qe2 h6 19. Rg1 Qd8 20. Nh2 Nh7 21. Nf3 Bf6 22. Rb1 Qc7 23. Bd3 Rfc8 24. Bc4 Nf8 25. Qe3 b5 26. axb5 axb5 27. Be2 Kg7 28. Ra1 b4 29. Na4 c4 30. b3 c3 31. Ra2 g5 32. Kh2 Ng6 33. Ne1 Nf4 34. Nd3 Ng6 35. Rga1 Bd8 36. Ne1 Qb7 37. Nxc3 Rxc3 38. Ra7 Qc8 39. Qd2 Bb6 40. R7a6 Bxf2 41. Bd3 Bc5 42. Bc4 Be3 43. Qd1 Bf4+ 44. Kg1 Qc5+ 45. Kf1 Rxh3 46. Nd3 Qe3 47. Nf2 Rf3 48. Qe2 Bxg4 49. Kg2 0-1

[Event "Belgrade Spring op"]
[Site "Belgrade"]
[Date "2005.04.01"]
[Round "8"]
[White "Jedjini, Pavel"]
[Black "Cetkovic, Bozidar"]
[Result "0-1"]
[WhiteElo "1967"]
[BlackElo "2255"]
[PlyCount "119"]
[EventDate "2005.03.25"]
[EventType "swiss"]
[EventRounds "9"]
[EventCountry "YUG"]
[SourceTitle "CBM 105 Extra"]
[Source "ChessBase"]
[SourceDate "2005.05.01"]
[SourceVersion "1"]
[SourceVersionDate "2005.05.01"]
[SourceQuality "1"]

1. d4 Nf6 2. Nf3 g6 3. g3 Bg7 4. Bg2 0-0 5. 0-0 d6 6. Nbd2 Nbd7 7. e4 e5 8. dxe5 dxe5 9. b3 b6 10. Bb2 Bb7 11. Re1 Nh5 12. Ba3 Re8 13. Bb2 a5 14. a4 Ba6 15. Nf1 Qe7 16. Ne3 c6 17. c4 Nc5 18. Qc2 Bc8 19. Rad1 Qc7 20. Re2 Bf6 21. Red2 Ng7 22. Ba3 Nge6 23. Bb2 h5 24. h4 Bg7 25. Re2 Bb7 26. Red2 f6 27. Bh3 Rad8 28. Bg2 Bh6 29. Rxd8 Rxd8 30. Rxd8+ Qxd8 31. Ba3 Kf7 32. Nf1 Na6 33. N1d2 c5 34. Bf1 Nb4 35. Bxb4 cxb4 36. Qd3 Qc7 37. Be2 Nc5 38. Qc2 Qc6 39. Bd3 Qd6 40. Be2 Kg8 41. Kh2 Bxd2 42. Nxd2 Qd4 43. Kg1 Nxe4 44. Nxe4 Qxe4 45. Qxe4 Bxe4 46. Bd1 g5 47. f3 Bg6 48. Kf2 gxh4 49. gxh4 Kf8 50. Ke3 Ke7 51. Kd2 f5 52. f4 exf4 53. Ke2 Kd6 54. Kf3 Ke5 55. Bc2 Be8 56. Kf2 Bc6 57. Bd1 f3 58. Ke3 Be4 59. Bxf3 Bxf3 60. Kxf3 0-1

[Event "Belgrade Spring op"]
[Site "Belgrade"]
[Date "2005.03.29"]
[Round "5"]
[White "Cetkovic, Bozidar"]
[Black "Penev, Ivan"]
[Result "1-0"]
[WhiteElo "2255"]
[BlackElo "2038"]
[PlyCount "73"]
[EventDate "2005.03.25"]
[EventType "swiss"]
[EventRounds "9"]
[EventCountry "YUG"]
[SourceTitle "CBM 105 Extra"]
[Source "ChessBase"]
[SourceDate "2005.05.01"]
[SourceVersion "1"]
[SourceVersionDate "2005.05.01"]
[SourceQuality "1"]

1. e4 e5 2. Nf3 Nc6 3. Bb5 Nge7 4. 0-0 g6 5. c3 Bg7 6. d4 exd4 7. cxd4 a6 8. Ba4 b5 9. Bb3 0-0 10. Bg5 h6 11. Be3 d5 12. e5 Be6 13. a4 Na5 14. Bc2 Nc4 15. Bc1 b4 16. b3 Na5 17. Bd2 Nec6 18. Be3 Kh7 19. Nbd2 Nb7 20. Ne1 a5 21. f4 Qd7 22. h3 f5 23. exf6 Bxf6 24. Nef3 Bxh3 25. gxh3 Qxh3 26. Rf2 Rae8 27. Rh2 Qe6 28. Ne5 Nxe5 29. Rxh6+ Kg8 30. fxe5 Bg7 31. Rxg6 Qh3 32. Qe2 Nd6 33. Rf1 Rxf1+ 34. Nxf1 Rf8 35. Ng3 Ne4 36. Bxe4 dxe4 37. Qg2 1-0

[Event "Belgrade Jezero op 09th"]
[Site "Belgrade"]
[Date "2003.08.19"]
[Round "6"]
[White "Skaric, Djuro"]
[Black "Cetkovic, Bozidar"]
[Result "1-0"]
[WhiteElo "2120"]
[BlackElo "2290"]
[PlyCount "65"]
[EventDate "2003.08.14"]
[EventType "swiss"]
[EventRounds "9"]
[EventCountry "YUG"]
[SourceTitle "EXT 2004"]
[Source "ChessBase"]
[SourceDate "2003.11.25"]
[SourceVersion "1"]
[SourceVersionDate "2003.11.25"]
[SourceQuality "1"]

1. e4 d6 2. d4 Nf6 3. Nc3 g6 4. f4 Bg7 5. Nf3 0-0 6. Bd3 Nc6 7. 0-0 e5 8. dxe5 dxe5 9. f5 Nb4 10. Bg5 c6 11. Kh1 Nxd3 12. Qxd3 Qxd3 13. cxd3 Nd7 14. g4 b6 15. b4 Bb7 16. Nd2 f6 17. Be3 Rfd8 18. Nc4 Bf8 19. a3 g5 20. Kg2 Nb8 21. Rfd1 Na6 22. Kf2 c5 23. b5 Nc7 24. a4 Rdb8 25. a5 Bc8 26. axb6 axb6 27. Rxa8 Nxa8 28. Nd5 Bg7 29. Ne7+ Kf8 30. Nc6 Rb7 31. Ra1 Nc7 32. Nd6 Nxb5 33. Nxb5 1-0

[Event "Belgrade Jezero op 09th"]
[Site "Belgrade"]
[Date "2003.08.14"]
[Round "1"]
[White "Cetkovic, Bozidar"]
[Black "Arandjelovic, Aleksandar Z"]
[Result "1-0"]
[WhiteElo "2290"]
[BlackElo "2151"]
[PlyCount "33"]
[EventDate "2003.08.14"]
[EventType "swiss"]
[EventRounds "9"]
[EventCountry "YUG"]
[SourceTitle "EXT 2004"]
[Source "ChessBase"]
[SourceDate "2003.11.25"]
[SourceVersion "1"]
[SourceVersionDate "2003.11.25"]
[SourceQuality "1"]

1. e4 c5 2. Nf3 d6 3. d4 cxd4 4. Nxd4 Nf6 5. Nc3 a6 6. Be2 e6 7. a4 Be7 8. 0-0 0-0 9. Be3 Qc7 10. f4 Nc6 11. Qe1 Nxd4 12. Bxd4 Re8 13. Qg3 e5 14. Be3 d5 15. fxe5 Nxe4 16. Nxe4 dxe4 17. Bg5 1-0

[Event "Herceg Novi Mimoza op"]
[Site "Herceg Novi"]
[Date "2002.02.10"]
[Round "9"]
[White "Cetkovic, Bozidar"]
[Black "Konjevic, Djordjije"]
[Result "0-1"]
[WhiteElo "2277"]
[BlackElo "2351"]
[PlyCount "96"]
[EventDate "2002.02.04"]
[EventType "swiss"]
[EventRounds "9"]
[EventCountry "YUG"]
[SourceTitle "CBM 086 Extra"]
[Source "ChessBase"]
[SourceDate "2002.03.14"]
[SourceVersion "1"]
[SourceVersionDate "2002.03.14"]
[SourceQuality "1"]

1. d4 Nf6 2. Nf3 d5 3. c3 g6 4. Bg5 Bg7 5. Nbd2 Nbd7 6. e3 0-0 7. Bd3 Re8 8. 0-0 e5 9. Nxe5 Nxe5 10. dxe5 Rxe5 11. Nf3 Re8 12. h3 h6 13. Bh4 c6 14. Qc2 g5 15. Bg3 Ne4 16. Bh2 Qe7 17. Nd2 Bf5 18. Nxe4 Bxe4 19. Bxe4 Qxe4 20. Qxe4 Rxe4 21. Rfd1 Rae8 22. Kf1 f5 23. Rd2 Kf7 24. Rad1 a5 25. Bg1 a4 26. Rc2 b5 27. f3 R4e6 28. Bf2 h5 29. Rdd2 Kg6 30. Rd1 g4 31. f4 Re4 32. h4 Bf8 33. Rd3 Bc5 34. Re2 g3 35. Bg1 Be7 36. Ke1 Bxh4 37. Kd1 Bd8 38. Rd4 Bb6 39. Rd3 h4 40. b3 axb3 41. axb3 Ra8 42. Rc2 Ra3 43. b4 Kh5 44. Rc1 Kg4 45. Ke1 h3 46. gxh3+ Kxh3 47. Kf1 Ra2 48. Rcd1 Kg4 0-1

[Event "Herceg Novi Mimoza op"]
[Site "Herceg Novi"]
[Date "2002.02.04"]
[Round "1"]
[White "Cetkovic, Bozidar"]
[Black "Kovacevic, Aleksandar"]
[Result "1-0"]
[WhiteElo "2277"]
[BlackElo "2549"]
[PlyCount "86"]
[EventDate "2002.02.04"]
[EventType "swiss"]
[EventRounds "9"]
[EventCountry "YUG"]
[SourceTitle "CBM 086 Extra"]
[Source "ChessBase"]
[SourceDate "2002.03.14"]
[SourceVersion "1"]
[SourceVersionDate "2002.03.14"]
[SourceQuality "1"]

1. d4 Nf6 2. Nf3 g6 3. Bg5 Bg7 4. Nbd2 0-0 5. e4 b6 6. Bc4 Bb7 7. 0-0 c5 8. c3 d5 9. Be2 Nbd7 10. h3 Nxe4 11. Nxe4 dxe4 12. Nd2 h6 13. Bh4 f5 14. f4 Kh7 15. Nc4 cxd4 16. cxd4 Nf6 17. Ne5 Nd5 18. Qb3 Qd6 19. Nc4 Qd8 20. Ne5 Rc8 21. Rac1 Rc7 22. g4 Bf6 23. Bf2 e6 24. gxf5 gxf5 25. Rxc7+ Qxc7 26. Kh2 Rc8 27. Bd1 Bc6 28. Rg1 Be8 29. Rg2 a5 30. Be2 Qc1 31. Bb5 Bxe5 32. dxe5 Bxb5 33. Qxb5 Qc6 34. Qe2 Qe8 35. Bh4 Qf7 36. Qa6 Rf8 37. Bf6 Rg8 38. Rxg8 Qxg8 39. Qe2 Qc8 40. Bh4 Nb4 41. Qh5 Qd7 42. a3 Nd3 43. b3 b5 1-0

[Event "Buehl op"]
[Site "Buehl"]
[Date "1992.??.??"]
[Round "7"]
[White "Cetkovic, Bozidar"]
[Black "Weidemann, Joerg"]
[Result "0-1"]
[WhiteElo "2255"]
[BlackElo "2305"]
[PlyCount "68"]
[EventDate "1992.??.??"]
[EventType "swiss (rapid)"]
[EventRounds "11"]
[EventCountry "GER"]
[SourceTitle "GER"]
[Source "ChessBase"]
[SourceDate "1999.07.01"]
[SourceVersion "1"]
[SourceVersionDate "1999.07.01"]
[SourceQuality "1"]

1. e4 e6 2. d4 d5 3. Nc3 Bb4 4. Nge2 dxe4 5. a3 Bxc3+ 6. Nxc3 Nc6 7. Bb5 Nge7 8. Be3 0-0 9. Qd2 a6 10. Bxc6 Nxc6 11. 0-0-0 f5 12. Bf4 Rf7 13. Qe3 Ne7 14. h4 Nd5 15. Nxd5 exd5 16. Qg3 Be6 17. h5 Rc8 18. h6 g6 19. Be5 b6 20. f4 c5 21. Rh5 Rb7 22. Rg5 Qe8 23. Qh4 Rc6 24. Rh1 Bc8 25. Rh3 cxd4 26. Bxd4 b5 27. Qe1 Rbc7 28. c3 a5 29. Be5 Re7 30. Qd2 Rxe5 31. fxe5 Qxe5 32. Kb1 Be6 33. g4 Kf7 34. Rh1 e3 0-1